00760nam a2200193Ia 4500001001000000003000500010008004100015010001100056040000900067100002900076245019200105260003400297300001000331502008700341650003100428650002900459650002800488710005000516Para_9053CHAP220125s2005 xx 000 0 und d a207678 cCHAP aMéndez López, Alonso aManejo integrado de barrenadores del tallo Melanagromyza tomaterae Steyskal y Trichobaris championi Barber en tomate de cáscara (Physalis ixocarpa Brot.) /c por Alonso Méndez López aChapingo, Méx. :b el autor a90 h. aTesis (M.C. en Protección Vegetal) UACh. Departamento Parasitología Agrícola aManejo integrado de plagas aMelanagromyza tomaterae  aTomate verde x plagas  aUACh. Departamento Parasitología Agrícola